[Event "Cavarzere op 15th"]
[Site "Cavarzere"]
[Date "2012.10.21"]
[Round "2"]
[White "Bagolin, Renzo"]
[Black "Marchetti, Daniele"]
[Result "1-0"]
[WhiteElo "1869"]
[BlackElo "1712"]
[PlyCount "61"]
[EventDate "2012.10.20"]
[EventType "swiss"]
[EventRounds "6"]
[EventCountry "ITA"]
[SourceTitle "EXT 2015"]
[Source "ChessBase"]
[SourceDate "2014.11.20"]
[SourceVersion "1"]
[SourceVersionDate "2014.11.20"]
[SourceQuality "1"]

1. c4 e5 2. g3 g6 3. Bg2 Bg7 4. Nc3 Nf6 5. e3 0-0 6. Nge2 c6 7. d4 exd4 8. exd4 d5 9. cxd5 cxd5 10. 0-0 Nc6 11. Bg5 Ne7 12. Qd2 Qd6 13. Bh6 b6 14. Bxg7 Kxg7 15. Rfe1 Bb7 16. Rac1 Rac8 17. Bh3 Ra8 18. Nb5 Qd8 19. Qf4 Ne8 20. Nc7 Nxc7 21. Qxc7 Bc8 22. Bg2 Be6 23. Qe5+ Kg8 24. Nf4 Qd7 25. Nxe6 fxe6 26. Qxe6+ Qxe6 27. Rxe6 Kf7 28. Rce1 Rfe8 29. Rxe7+ Rxe7 30. Bxd5+ Kf6 31. Rxe7 1-0

[Event "Pedavena op-A 2nd"]
[Site "Pedavena"]
[Date "2006.08.03"]
[Round "4"]
[White "Bagolin, Renzo"]
[Black "Ottolini, Graziano"]
[Result "1-0"]
[WhiteElo "1754"]
[BlackElo "2084"]
[PlyCount "53"]
[EventDate "2006.08.01"]
[EventType "swiss"]
[EventRounds "7"]
[EventCountry "ITA"]
[SourceTitle "EXT 2023"]
[Source "ChessBase"]
[SourceDate "2022.10.05"]
[SourceVersion "1"]
[SourceVersionDate "2022.10.05"]
[SourceQuality "1"]

1. d4 Nf6 2. c4 c5 3. d5 b5 4. Nd2 bxc4 5. e4 g6 6. Bxc4 d6 7. Ne2 Bg7 8. 0-0 0-0 9. Rb1 Nbd7 10. f4 a5 11. a4 Nb6 12. b3 Rb8 13. Qc2 Qc7 14. Bb2 Qa7 15. h3 Ba6 16. Bc3 Bxc4 17. bxc4 e6 18. dxe6 fxe6 19. Rb5 d5 20. Rxa5 Qd7 21. cxd5 exd5 22. Be5 Ra8 23. Rxc5 Nxa4 24. Rc7 Qb5 25. Nd4 Qa5 26. Rb1 dxe4 27. Rbb7 1-0

[Event "Pedavena op-A 2nd"]
[Site "Pedavena"]
[Date "2006.08.02"]
[Round "2"]
[White "Bini, Alessandro"]
[Black "Bagolin, Renzo"]
[Result "1-0"]
[WhiteElo "1877"]
[BlackElo "1754"]
[PlyCount "154"]
[EventDate "2006.08.01"]
[EventType "swiss"]
[EventRounds "7"]
[EventCountry "ITA"]
[SourceTitle "EXT 2023"]
[Source "ChessBase"]
[SourceDate "2022.10.05"]
[SourceVersion "1"]
[SourceVersionDate "2022.10.05"]
[SourceQuality "1"]

1. d3 d5 2. Nf3 g6 3. Nbd2 Nf6 4. e4 dxe4 5. dxe4 Bg7 6. Bb5+ c6 7. Bc4 0-0 8. 0-0 Ng4 9. h3 Ne5 10. Nxe5 Bxe5 11. Nf3 Bg7 12. Bg5 Qc7 13. c3 b5 14. Bb3 Na6 15. Qe2 Nc5 16. Bc2 Bb7 17. Rad1 Rad8 18. Qe3 Ne6 19. Bh4 c5 20. Bg3 Qa5 21. a3 Rxd1 22. Rxd1 Rd8 23. Rxd8+ Qxd8 24. Kh2 a6 25. b4 cxb4 26. axb4 Qc8 27. e5 Bxf3 28. gxf3 Qc4 29. Qd3 Qc7 30. f4 Nf8 31. Bb3 e6 32. c4 bxc4 33. Bxc4 Qb6 34. Qd6 Qxd6 35. exd6 Bc3 36. b5 axb5 37. Bxb5 Bf6 38. Kg2 Bd8 39. f3 f6 40. Bf2 Kf7 41. Ba7 g5 42. Bb8 gxf4 43. Bc7 Be7 44. dxe7 Kxe7 45. Bxf4 Ng6 46. Bd2 e5 47. Bd3 Kf7 48. Kg3 Ke6 49. h4 f5 50. h5 Ne7 51. Bc4+ Kf6 52. Kh4 f4 53. Bd3 Nf5+ 54. Kh3 h6 55. Bc3 Ne3 56. Bg6 Nd5 57. Be1 Ne3 58. Kh4 Ng2+ 59. Kh3 Ne3 60. Bh4+ Ke6 61. Bd3 Kf7 62. Bf2 Kf6 63. Bh4+ Ke6 64. Kh2 Kf7 65. Kg1 Ke6 66. Kf2 Kf7 67. Ke2 Ke6 68. Bd8 Kf7 69. Bb5 Nf5 70. Bc4+ Kg7 71. Kd3 Ng3 72. Be6 Nxh5 73. Ke4 Ng3+ 74. Kxe5 Ne2 75. Bb6 h5 76. Bc4 Nc1 77. Kxf4 Kg6 1-0

[Event "Veneto Region-ch"]
[Site "Arqua Petrarca"]
[Date "2006.05.14"]
[Round "6"]
[White "Bagolin, Renzo"]
[Black "Zangrando, Gianpietro"]
[Result "1-0"]
[WhiteElo "1700"]
[BlackElo "1939"]
[PlyCount "101"]
[EventDate "2006.05.06"]
[EventType "swiss"]
[EventRounds "6"]
[EventCountry "ITA"]
[SourceTitle "EXT 2011"]
[Source "ChessBase"]
[SourceDate "2010.11.26"]
[SourceVersion "1"]
[SourceVersionDate "2010.11.26"]
[SourceQuality "1"]

1. c4 Nf6 2. Nc3 e5 3. Nf3 Nc6 4. d3 h6 5. g3 Bc5 6. Bg2 0-0 7. 0-0 Re8 8. Nd2 a6 9. a3 d6 10. b4 Bd4 11. Bb2 Rb8 12. e3 Ba7 13. Qc2 Bf5 14. Rac1 Qd7 15. Nd5 Re6 16. Nb3 Ne7 17. e4 Bg4 18. d4 c6 19. Ne3 Ng6 20. f3 Bh5 21. Bh3 Ne7 22. Bxe6 Qxe6 23. Qe2 d5 24. cxd5 cxd5 25. exd5 Nexd5 26. Nxd5 Qxd5 27. Qc4 Bxf3 28. Qxd5 Bxd5 29. Nc5 e4 30. Rce1 Re8 31. Rf5 Bb8 32. Bc1 Bc6 33. Bxh6 Rd8 34. Be3 Ng4 35. Bf4 g6 36. Rg5 Bxf4 37. Rxg4 Bd2 38. Rexe4 Bxe4 39. Nxe4 Be3+ 40. Kg2 Bxd4 41. Nc5 Bxc5 42. bxc5 Rc8 43. Rc4 Rc6 44. Kf3 b6 45. Ke4 b5 46. Rc3 Kf8 47. Kd5 Rf6 48. c6 Rf5+ 49. Kd6 Rf2 50. c7 Rd2+ 51. Kc6 1-0